Acts 13-28 / (Record no. 1583)
[ view plain ]
| 000 -LEADER | |
|---|---|
| fixed length control field | 00779cam a2200253 a 4500 |
| 001 - CONTROL NUMBER | |
| control field | 37341759 |
| 003 - CONTROL NUMBER IDENTIFIER | |
| control field | OCoLC |
| 005 - DATE AND TIME OF LATEST TRANSACTION | |
| control field | 20180918095216.0 |
| 008 - FIXED-LENGTH DATA ELEMENTS--GENERAL INFORMATION | |
| fixed length control field | 970603s1996 ilu b 001 0 eng |
| 010 ## - LIBRARY OF CONGRESS CONTROL NUMBER | |
| LC control number | 97157582 //r98 |
| 040 ## - CATALOGING SOURCE | |
| Original cataloging agency | DLC |
| Transcribing agency | DLC |
| Modifying agency | ATH |
| 050 00 - LIBRARY OF CONGRESS CALL NUMBER | |
| Classification number | BS2625.3 |
| Item number | .M233 1996 |
| 082 ## - DEWEY DECIMAL CLASSIFICATION NUMBER | |
| Classification number | REF 226.2 |
| Item number | M116A |
| 100 1# - MAIN ENTRY--PERSONAL NAME | |
| Personal name | MacArthur, John, |
| Dates associated with a name | 1939- |
| 245 10 - TITLE STATEMENT | |
| Title | Acts 13-28 / |
| Statement of responsibility, etc. | John MacArthur, Jr. |
| 246 3# - VARYING FORM OF TITLE | |
| Title proper/short title | Acts thirteen-twenty-eight |
| 260 ## - PUBLICATION, DISTRIBUTION, ETC. | |
| Place of publication, distribution, etc. | Chicago : |
| Name of publisher, distributor, etc. | Moody Press, |
| Date of publication, distribution, etc. | c1996. |
| 300 ## - PHYSICAL DESCRIPTION | |
| Extent | vi, 394 p. ; |
| Dimensions | 24 cm. |
| 490 0# - SERIES STATEMENT | |
| Series statement | MacArthur, John, 1939- MacArthur New Testament commentary |
| 504 ## - BIBLIOGRAPHY, ETC. NOTE | |
| Bibliography, etc. note | Includes bibliographical references (p. 377-379) and indexes. |
| 630 00 - SUBJECT ADDED ENTRY--UNIFORM TITLE | |
| Uniform title | Bible. |
| Name of part/section of a work | Acts XIII-XXVIII |
| Form subdivision | Commentaries. |
| 650 ## - SUBJECT ADDED ENTRY--TOPICAL TERM | |
| Topical term or geographic name entry element | Bible. |
| 942 ## - ADDED ENTRY ELEMENTS (KOHA) | |
| Source of classification or shelving scheme | Dewey Decimal Classification |
| Koha item type | Reference |
| Withdrawn status | Lost status | Source of classification or shelving scheme | Damaged status | Not for loan | Collection code | Home library | Current library | Shelving location | Date acquired | Serial Enumeration / chronology | Total Checkouts | Full call number | Barcode | Date last seen | Price effective from | Koha item type |
|---|---|---|---|---|---|---|---|---|---|---|---|---|---|---|---|---|
| Dewey Decimal Classification | Not For Loan | Reference | Harvest Mission College | Harvest Mission College | Reference | 18.09.2018 | Vol-6 | REF 226.2 M116A | 000705 | 18.09.2018 | 18.09.2018 | Reference |
